000
00322nam a2200121Ia 4500
008
150201s2006 xx 000 0 und d
082
_a
6.3
_b
ZUR
100
_a
Zurada, Jacek M
245
_a
Introduction to artificial neural systems
260
_b
Jaico Publishing House
_a
Delhi
_c
2006
300
_a
683p.
942
_2
ddc
_c
BK
_0
3
999
_c
5783
_d
5783